A Gyulák és a magyarok korai kereszténysége
The Hungarian’s early Christianity began with Gyula’s baptism. Hierotheos monk-bishop came with him to evangelize. His workcenter was in Gyula’s territorium: before in Tiszántúl, after in Erdély and Ajtony’s territorium, fi nally his successors were Abot-Bishops of the eastern Christian Monasteries...
Elmentve itt :
| Szerző: | |
|---|---|
| Dokumentumtípus: | Cikk |
| Megjelent: |
Belvedere Meridionale
Szeged
2020
|
| Sorozat: | Belvedere Meridionale
32 No. 1 |
| Kulcsszavak: | Kereszténység, Egyháztörténet, Őstörténet - magyar |
| Tárgyszavak: | |
| doi: | 10.14232/belv.2020.1.4 |
| Online Access: | http://acta.bibl.u-szeged.hu/69844 |
| LEADER | 01305nab a2200241 i 4500 | ||
|---|---|---|---|
| 001 | acta69844 | ||
| 005 | 20250625123820.0 | ||
| 008 | 200730s2020 hu o 000 hun d | ||
| 022 | |a 2064-5929 | ||
| 024 | 7 | |a 10.14232/belv.2020.1.4 |2 doi | |
| 040 | |a SZTE Egyetemi Kiadványok Repozitórium |b hun | ||
| 041 | |a hun | ||
| 100 | 1 | |a Révész Éva | |
| 245 | 1 | 2 | |a A Gyulák és a magyarok korai kereszténysége |h [elektronikus dokumentum] / |c Révész Éva |
| 260 | |a Belvedere Meridionale |b Szeged |c 2020 | ||
| 300 | |a 33-42 | ||
| 490 | 0 | |a Belvedere Meridionale |v 32 No. 1 | |
| 520 | 3 | |a The Hungarian’s early Christianity began with Gyula’s baptism. Hierotheos monk-bishop came with him to evangelize. His workcenter was in Gyula’s territorium: before in Tiszántúl, after in Erdély and Ajtony’s territorium, fi nally his successors were Abot-Bishops of the eastern Christian Monasteries (Szávaszentdemeter, Oroszlámos). His successor, Ióannés had already became a Metropolita (Archbishop). | |
| 650 | 4 | |a Bölcsészettudományok | |
| 650 | 4 | |a Történettudomány és régészet | |
| 650 | 4 | |a Filozófia, etika és vallástudományok | |
| 695 | |a Kereszténység, Egyháztörténet, Őstörténet - magyar | ||
| 856 | 4 | 0 | |u http://acta.bibl.u-szeged.hu/69844/1/belvedere_2020_001_033-042.pdf |z Dokumentum-elérés |